| 000 | 00621nam a2200193Ia 4500 | ||
|---|---|---|---|
| 001 | 1182 | ||
| 003 | GE_BSU | ||
| 008 | 181216s||||||||xx |||||||||||||| ||und|| | ||
| 040 | _cGE_BSU | ||
| 080 | _a633.71(479.22) | ||
| 100 | _aრაზმაძე, ნ. | ||
| 245 | _aთამბაქოს მოყვანის აგროტექნიკის საკითხები. | ||
| 260 | _aთბილისი | ||
| 260 | _bაბჭოთა საქართველო | ||
| 260 | _c19988 | ||
| 300 | _a109 გვ. 19 სმ. | ||
| 653 | _aთამბაქოს მოყვანა | ||
| 942 | _cBK | ||
| 999 |
_c35330 _d35330 |
||